<?xml version="1.0" encoding="UTF-8"?>
<record
    xmlns:xsi="http://www.w3.org/2001/XMLSchema-instance"
    xsi:schemaLocation="http://www.loc.gov/MARC21/slim http://www.loc.gov/standards/marcxml/schema/MARC21slim.xsd"
    xmlns="http://www.loc.gov/MARC21/slim">

  <leader>01296nam a2200193 a 4500</leader>
  <controlfield tag="008">190917t2009    ag  |||g |||| 001 0 spa d</controlfield>
  <datafield tag="020" ind1=" " ind2=" ">
    <subfield code="a">9789876122108</subfield>
  </datafield>
  <datafield tag="041" ind1=" " ind2=" ">
    <subfield code="a">spa</subfield>
  </datafield>
  <datafield tag="092" ind1=" " ind2=" ">
    <subfield code="c">808</subfield>
    <subfield code="l">35</subfield>
    <subfield code="s">HOP</subfield>
  </datafield>
  <datafield tag="100" ind1="1" ind2=" ">
    <subfield code="a">Hopkins, Cathy</subfield>
    <subfield code="9">4314</subfield>
  </datafield>
  <datafield tag="245" ind1=" " ind2=" ">
    <subfield code="a">Pijama party /</subfield>
    <subfield code="c">Cathy Hopkins</subfield>
  </datafield>
  <datafield tag="250" ind1=" " ind2=" ">
    <subfield code="a">1a ed.</subfield>
    <subfield code="b">Traducci&#xF3;n Nora Escoms</subfield>
  </datafield>
  <datafield tag="260" ind1=" " ind2=" ">
    <subfield code="a">Buenos Aires:</subfield>
    <subfield code="b">V&amp;R editoras;</subfield>
    <subfield code="c">2009.</subfield>
  </datafield>
  <datafield tag="300" ind1=" " ind2=" ">
    <subfield code="a">144 p.</subfield>
    <subfield code="c">21x14 cm.</subfield>
  </datafield>
  <datafield tag="500" ind1=" " ind2=" ">
    <subfield code="a">Hopkins, C. (2009). Pijama party. (1a ed.). Buenos Aires : V&amp;R editoras.</subfield>
  </datafield>
  <datafield tag="505" ind1=" " ind2=" ">
    <subfield code="a">TJ est&#xE1; teniendo un a&#xF1;o dif&#xED;cil. Se siente sola y no sabe c&#xF3;mo relacionarse con los chicos, que la tratan como un amigo m&#xE1;s. Scott, el vecino que tanto le gusta, parecer tener ojos para todas...menos para ella, que cultiva un look muy deportivo y poco sensual. TJ siente que su &#xFA;nica salida es comprarse una mascota. Cuando se hace amiga de Lucy las cosas empiezan a cambiar. Sin embargo, tampoco le resulta sencillo integrarse al nuevo grupo, donde est&#xE1;n Izzie y Nesta. Pero una noche, TJ ingresa al mundo del pijama party y comienza a compartir secretos, consejos y la posibilidad de una gran transformaci&#xF3;n. &#xBF;Podr&#xE1;n sus nuevas amigas ayudarla descubrir su belleza, su potencial y a enamorar al chico de sus sue&#xF1;os?  </subfield>
  </datafield>
  <datafield tag="655" ind1=" " ind2=" ">
    <subfield code="a">Literatura</subfield>
    <subfield code="9">2917</subfield>
  </datafield>
  <datafield tag="942" ind1=" " ind2=" ">
    <subfield code="2">ddc</subfield>
    <subfield code="c">LIT</subfield>
  </datafield>
  <datafield tag="999" ind1=" " ind2=" ">
    <subfield code="c">3265</subfield>
    <subfield code="d">3265</subfield>
  </datafield>
  <datafield tag="952" ind1=" " ind2=" ">
    <subfield code="0">0</subfield>
    <subfield code="1">0</subfield>
    <subfield code="2">ddc</subfield>
    <subfield code="4">0</subfield>
    <subfield code="7">0</subfield>
    <subfield code="a">BFM</subfield>
    <subfield code="b">BFM</subfield>
    <subfield code="c">CR</subfield>
    <subfield code="d">2025-05-14</subfield>
    <subfield code="e">Donaci&#xF3;n Mayo 2025, Hern&#xE1;ndez, Maria Jos&#xE9;.</subfield>
    <subfield code="l">0</subfield>
    <subfield code="o">808 35 HOP</subfield>
    <subfield code="p">5024</subfield>
    <subfield code="r">2025-05-14</subfield>
    <subfield code="t">Ej. 1</subfield>
    <subfield code="w">2025-05-14</subfield>
    <subfield code="y">LIT</subfield>
    <subfield code="z">Donaci&#xF3;n Mayo 2025, Hern&#xE1;ndez, Maria Jos&#xE9;. Sede Tordos</subfield>
    <subfield code="f"></subfield>
  </datafield>
</record>
